000 00848cam a22001814a 4500
005 20250605164344.0
008 250528s ||||||||||||||||||||||||d
035 _a23757
040 _aGR-AtMCL
_bgre
_dGR-AtMCL
_eAACR2
245 1 _aInvestigating the Effects of Crushed Brick as Aggregate on Harmful/ Deleterious Processes in Concrete/
260 _c2017
300 _a69
520 _aAbstract, Introduction, Aims of the Project, Summary, Concrete/ Brick, Brick Construction and Properties, Lab Process, Classification and Properties of the Ingredients, Sieve Test, Slump Test, Synthesis, Chemical Analysis Test, Conclusion, Discussion, Comparison, About this Assignment, Project Plan, Acknowledgement, References, Appendix, List of Figures..
700 1 _aDrougkas Athanasios
_99296
942 _cDS
999 _c8699
_d8699